Roman Kahramanım yazı yarışması ödül töreni (Record no. 200130967)
[ view plain ]
| 000 -LEADER | |
|---|---|
| fixed length control field | 00613 a2200157 4500 |
| 001 - CONTROL NUMBER | |
| control field | 200130967 |
| 003 - CONTROL NUMBER IDENTIFIER | |
| control field | TR-AnTOB |
| 005 - DATE AND TIME OF LATEST TRANSACTION | |
| control field | 20190322123225.0 |
| 008 - FIXED-LENGTH DATA ELEMENTS--GENERAL INFORMATION | |
| fixed length control field | 131205s2013 tu -- g vl d |
| 041 ## - LANGUAGE CODE | |
| Language code of text/sound track or separate title | Türkçe |
| 245 #0 - TITLE STATEMENT | |
| Title | Roman Kahramanım yazı yarışması ödül töreni |
| 337 ## - MEDIA TYPE | |
| Media type term | video |
| Media type code | rdamedia |
| 500 ## - GENERAL NOTE | |
| General note | Roman Kahramanım yazı yarışması ödül töreni açılış konuşması |
| 856 42 - ELECTRONIC LOCATION AND ACCESS | |
| Host name | Basında Roman Kahramanım Yazı Yarışması |
| Uniform Resource Identifier | <a href="http://beta.interpress.com/(S(3xharm4yjlwi2l0e4y0cvrcs))/BasinAyrintiGoster.aspx?IDS=2rVxG3tVhkrG6tY2bCZKFA%3D%3D&madi=2122&kayit_sayisi=1#.UqCgAcRdXz4">http://beta.interpress.com/(S(3xharm4yjlwi2l0e4y0cvrcs))/BasinAyrintiGoster.aspx?IDS=2rVxG3tVhkrG6tY2bCZKFA%3D%3D&madi=2122&kayit_sayisi=1#.UqCgAcRdXz4</a> |
| 942 ## - ADDED ENTRY ELEMENTS (KOHA) | |
| Koha item type | Book |
| Withdrawn status | Lost status | Source of classification or shelving scheme | Not for loan | Collection code | Home library | Current library | Shelving location | Date acquired | Source of acquisition | Cost, normal purchase price | Serial Enumeration / chronology | Total Checkouts | Total Holds | Barcode | Copy number | Cost, replacement price | Date shelved | Koha item type |
|---|---|---|---|---|---|---|---|---|---|---|---|---|---|---|---|---|---|---|
| Ödünç Verilebilir / Available | Genel Koleksiyon | Merkez Kütüphane | Merkez Kütüphane | Genel Koleksiyon / Main Collection | 05/12/2013 | Diğer / Other | 0.01 | 1 | 111111 | 1 | 0.01 | VCD |
